| 000 | 00796nam a2200205 i 4500 | ||
|---|---|---|---|
| 001 | 102990 | ||
| 003 | ES-MaACL | ||
| 005 | 20230906183235.0 | ||
| 007 | t| | ||
| 008 | 051223s1917 sp ||||1| spa d | ||
| 080 | _a342.716 | ||
| 100 | 1 |
_aPons y Umbert, Adolfo. _993034 |
|
| 245 | 1 | 4 |
_aLas propagandas regionalista y maurista _b: eficacia respectiva de ambas para la resolución del problema de la ciudadanía / _cconferencia de Adolfo Pons y Umbert pronunciada en el "Palace Madrid Hotel", el día 12 de marzo de 1917. |
| 260 |
_aMadrid : _b[s.n.], _c1917 ( _fJaime Ratés) |
||
| 300 |
_a42 p. ; _c23 cm. |
||
| 500 | _aPrecede al tit.: Centro y Juventud Mauristas de Madrid. | ||
| 650 | 1 | 4 |
_aCiudadanía. _911066 |
| 852 |
_aES-MaACL _j2200-F-21 _bR.136532 |
||
| 852 |
_aES-MaACL _j1542-F-2 |
||
| 999 |
_c102990 _d102990 |
||